[Event "Girls U14 Polish Youth Championship"]
[Site "chess24.com"]
[Date "2018.05.01"]
[Round "4"]
[White "Zniszczol, Wiktoria"]
[Black "Bychowska, Marta"]
[Result "1-0"]
[Board "12"]
[WhiteElo "1555"]
[WhiteCountry "POL"]
[WhiteFideId "1194895"]
[WhiteEloChange "2"]
[BlackElo "1114"]
[BlackCountry "POL"]
[BlackFideId "21889643"]
[BlackEloChange "-2"]

1. e4 {[%clk 1:30:58]} c5 {[%clk 1:30:52]} 2. Nc3 {[%clk 1:31:22]} d6 {[%clk
1:31:09]} 3. f4 {[%clk 1:31:40]} g6 {[%clk 1:31:12]} 4. Nf3 {[%clk 1:31:57]} Bg7
{[%clk 1:31:25]} 5. Bc4 {[%clk 1:32:11]} e6 {[%clk 1:31:35]} 6. O-O {[%clk
1:31:54]} Nc6 {[%clk 1:31:15]} 7. d3 {[%clk 1:28:15]} Nge7 {[%clk 1:30:29]} 8.
Qe1 {[%clk 1:28:07]} Nd4 {[%clk 1:29:46]} 9. Qf2 {[%clk 1:24:22]} O-O {[%clk
1:27:57]} 10. g4 {[%clk 1:12:17]} Nec6 {[%clk 1:24:05]} 11. f5 {[%clk 0:54:08]}
exf5 {[%clk 1:22:07]} 12. gxf5 {[%clk 0:52:55]} Nxf3+ {[%clk 1:21:13]} 13. Qxf3
{[%clk 0:52:40]} Nd4 {[%clk 1:19:04]} 14. Qg2 {[%clk 0:49:55]} Kh8 {[%clk
1:14:55]} 15. fxg6 {[%clk 0:45:59]} fxg6 {[%clk 1:14:32]} 16. Bg5 {[%clk
0:45:14]} Bf6 {[%clk 1:00:27]} 17. Bxf6+ {[%clk 0:43:54]} Rxf6 {[%clk 1:00:32]}
18. Rxf6 {[%clk 0:44:09]} Qxf6 {[%clk 1:00:43]} 19. Rf1 {[%clk 0:44:20]} Qh4
{[%clk 0:55:47]} 20. Rf8+ {[%clk 0:38:53]} Kg7 {[%clk 0:56:08]} 21. Rg8+ {[%clk
0:30:05]} Kh6 {[%clk 0:55:34]} 22. Qd2+ {[%clk 0:29:19]} Qg5+ {[%clk 0:55:46]}
23. Qxg5+ {[%clk 0:29:35]} Kxg5 {[%clk 0:56:09]} 24. Nb5 {[%clk 0:25:45]} Kf6
{[%clk 0:51:41]} 25. Nxd6 {[%clk 0:23:44]} Nxc2 {[%clk 0:51:06]} 26. Rxc8 {[%clk
0:23:00]} Rxc8 {[%clk 0:51:24]} 27. Nxc8 {[%clk 0:23:26]} Ne3 {[%clk 0:51:08]}
28. Kf2 {[%clk 0:16:40]} Ng4+ {[%clk 0:50:53]} 29. Kg3 {[%clk 0:16:31]} Ne3
{[%clk 0:51:16]} 30. Nxa7 {[%clk 0:14:43]} Nxc4 {[%clk 0:51:31]} 31. dxc4 {[%clk
0:14:58]} Ke5 {[%clk 0:51:53]} 32. Kf3 {[%clk 0:14:45]} g5 {[%clk 0:52:11]} 33.
Nb5 {[%clk 0:10:24]} h6 {[%clk 0:52:16]} 34. Nc3 {[%clk 0:09:12]} Kd4 {[%clk
0:52:31]} 35. Kg4 {[%clk 0:08:56]} Kxc4 {[%clk 0:52:12]} 36. e5 {[%clk 0:09:14]}
1-0

[Event "Girls U14 Polish Youth Championship"]
[Site "chess24.com"]
[Date "2018.05.01"]
[Round "4"]
[White "Nowak, Roksana"]
[Black "Bienko, Jagoda"]
[Result "0-1"]
[Board "13"]
[WhiteElo "1352"]
[WhiteCountry "POL"]
[WhiteFideId "21847991"]
[WhiteEloChange "-7"]
[BlackElo "1476"]
[BlackCountry "POL"]
[BlackFideId "1194569"]
[BlackEloChange "7"]

1. e4 {[%clk 1:30:59]} c5 {[%clk 1:30:49]} 2. Nc3 {[%clk 1:31:23]} d6 {[%clk
1:31:02]} 3. Bc4 {[%clk 1:31:47]} Nc6 {[%clk 1:30:50]} 4. d3 {[%clk 1:32:12]} e5
{[%clk 1:30:55]} 5. Nf3 {[%clk 1:31:17]} Be7 {[%clk 1:28:34]} 6. h3 {[%clk
1:31:00]} Nf6 {[%clk 1:26:49]} 7. O-O {[%clk 1:30:08]} O-O {[%clk 1:26:08]} 8. a3
{[%clk 1:25:46]} a6 {[%clk 1:24:05]} 9. Bd2 {[%clk 1:24:44]} Be6 {[%clk 1:19:51]}
10. Bxe6 {[%clk 1:21:55]} fxe6 {[%clk 1:20:14]} 11. Re1 {[%clk 1:22:12]} Qc7
{[%clk 1:18:02]} 12. Ng5 {[%clk 1:20:42]} Qd7 {[%clk 1:16:45]} 13. Nf3 {[%clk
1:19:41]} Bd8 {[%clk 1:09:01]} 14. Be3 {[%clk 1:11:49]} Bc7 {[%clk 1:06:36]} 15.
Qe2 {[%clk 1:08:16]} b6 {[%clk 1:06:11]} 16. Rad1 {[%clk 1:07:15]} d5 {[%clk
1:03:50]} 17. Bc1 {[%clk 1:06:56]} Rae8 {[%clk 1:01:12]} 18. Rf1 {[%clk 1:03:32]}
b5 {[%clk 0:44:03]} 19. b3 {[%clk 0:56:24]} Qe7 {[%clk 0:38:27]} 20. Bg5 {[%clk
0:50:00]} Qd7 {[%clk 0:38:11]} 21. Bc1 {[%clk 0:49:00]} Nh5 {[%clk 0:28:14]} 22.
g3 {[%clk 0:42:26]} Nf6 {[%clk 0:27:34]} 23. a4 {[%clk 0:41:09]} b4 {[%clk
0:26:24]} 24. Nb1 {[%clk 0:38:54]} Qe7 {[%clk 0:22:18]} 25. Kh2 {[%clk 0:34:25]}
dxe4 {[%clk 0:17:19]} 26. dxe4 {[%clk 0:34:40]} Nd4 {[%clk 0:17:37]} 27. Nxd4
{[%clk 0:33:55]} cxd4 {[%clk 0:17:42]} 28. f3 {[%clk 0:32:46]} a5 {[%clk
0:17:39]} 29. Nd2 {[%clk 0:32:23]} Qc5 {[%clk 0:16:11]} 30. Nc4 {[%clk 0:30:11]}
Nd7 {[%clk 0:16:05]} 31. Qd3 {[%clk 0:25:44]} Nb6 {[%clk 0:15:30]} 32. Nxb6
{[%clk 0:20:23]} Bxb6 {[%clk 0:15:40]} 33. h4 {[%clk 0:19:53]} Rc8 {[%clk
0:15:44]} 34. Rf2 {[%clk 0:20:01]} Qc3 {[%clk 0:14:31]} 35. Qxc3 {[%clk 0:18:18]}
Rxc3 {[%clk 0:14:49]} 36. Rd3 {[%clk 0:18:18]} Rfc8 {[%clk 0:14:24]} 37. Rxc3
{[%clk 0:18:19]} Rxc3 {[%clk 0:14:47]} 38. Bb2 {[%clk 0:17:24]} d3 {[%clk
0:12:28]} 39. Bxc3 {[%clk 0:16:53]} Bxf2 {[%clk 0:12:43]} 40. Bd2 {[%clk
0:17:05]} dxc2 {[%clk 0:12:37]} 41. Kg2 {[%clk 0:17:18]} Bd4 {[%clk 0:12:38]} 42.
Bc1 {[%clk 0:17:44]} Kf7 {[%clk 0:12:30]} 43. Kf1 {[%clk 0:17:33]} Ke7 {[%clk
0:12:23]} 44. Ke2 {[%clk 0:16:27]} Kd6 {[%clk 0:12:24]} 45. g4 {[%clk 0:15:18]}
Kc5 {[%clk 0:11:45]} 46. Kd3 {[%clk 0:15:27]} Bf2 {[%clk 0:11:06]} 47. Kxc2
{[%clk 0:14:07]} Bxh4 {[%clk 0:10:40]} 48. Be3+ {[%clk 0:14:25]} Kc6 {[%clk
0:10:45]} 49. Kd3 {[%clk 0:14:05]} Be7 {[%clk 0:07:13]} 50. Kc4 {[%clk 0:14:21]}
h6 {[%clk 0:05:16]} 51. f4 {[%clk 0:11:10]} exf4 {[%clk 0:05:07]} 52. Bxf4 {[%clk
0:11:33]} Bf6 {[%clk 0:03:22]} 53. e5 {[%clk 0:11:21]} Bh4 {[%clk 0:03:15]} 54.
Be3 {[%clk 0:09:42]} Bg3 {[%clk 0:03:11]} 55. Kd4 {[%clk 0:09:34]} Be1 {[%clk
0:01:45]} 56. Bf4 {[%clk 0:08:37]} Bf2+ {[%clk 0:01:37]} 57. Kc4 {[%clk 0:08:53]}
Bh4 {[%clk 0:01:50]} 58. Bd2 {[%clk 0:07:42]} Be7 {[%clk 0:01:31]} 59. Be1 {[%clk
0:07:57]} g6 {[%clk 0:01:30]} 60. Bd2 {[%clk 0:07:15]} h5 {[%clk 0:01:33]} 61.
gxh5 {[%clk 0:05:57]} gxh5 {[%clk 0:01:55]} 62. Bf4 {[%clk 0:05:18]} h4 {[%clk
0:01:38]} 63. Be3 {[%clk 0:04:50]} h3 {[%clk 0:01:51]} 64. Bf4 {[%clk 0:04:48]}
Bc5 {[%clk 0:01:51]} 65. Bh2 {[%clk 0:04:51]} Bb6 {[%clk 0:01:38]} 66. Kd3 {[%clk
0:04:55]} Kd5 {[%clk 0:01:54]} 67. Ke2 {[%clk 0:04:45]} Bd4 {[%clk 0:02:09]} 68.
Kf3 {[%clk 0:04:31]} Bxe5 {[%clk 0:02:20]} 69. Bxe5 {[%clk 0:04:47]} Kxe5 {[%clk
0:02:46]} 70. Kg3 {[%clk 0:05:10]} Kd4 {[%clk 0:03:02]} 71. Kxh3 {[%clk 0:05:28]}
e5 {[%clk 0:03:28]} 0-1

[Event "Girls U14 Polish Youth Championship"]
[Site "chess24.com"]
[Date "2018.05.01"]
[Round "4"]
[White "Wysocka, Edyta"]
[Black "Siekanska, Zuzanna"]
[Result "1/2-1/2"]
[Board "14"]
[WhiteElo "1301"]
[WhiteCountry "POL"]
[WhiteFideId "21836663"]
[WhiteEloChange "4"]
[BlackElo "1434"]
[BlackCountry "POL"]
[BlackFideId "21852537"]
[BlackEloChange "-4"]

1. e4 {[%clk 1:30:59]} c5 {[%clk 1:30:50]} 2. Nf3 {[%clk 1:31:23]} e6 {[%clk
1:31:14]} 3. d4 {[%clk 1:31:48]} cxd4 {[%clk 1:31:38]} 4. Nxd4 {[%clk 1:32:14]}
Nf6 {[%clk 1:32:02]} 5. Nc3 {[%clk 1:32:24]} d6 {[%clk 1:32:20]} 6. Be2 {[%clk
1:32:26]} Be7 {[%clk 1:32:44]} 7. O-O {[%clk 1:32:49]} O-O {[%clk 1:33:08]} 8.
Be3 {[%clk 1:33:00]} Nc6 {[%clk 1:33:16]} 9. Nb3 {[%clk 1:32:17]} a5 {[%clk
1:31:00]} 10. a4 {[%clk 1:29:43]} Nb4 {[%clk 1:29:39]} 11. Nc1 {[%clk 1:27:02]}
Bd7 {[%clk 1:28:09]} 12. Nd3 {[%clk 1:26:17]} Bc6 {[%clk 1:24:50]} 13. f3 {[%clk
1:25:35]} d5 {[%clk 1:12:21]} 14. exd5 {[%clk 1:20:01]} Nbxd5 {[%clk 1:11:09]}
15. Nxd5 {[%clk 1:17:59]} Nxd5 {[%clk 1:11:30]} 16. Bf2 {[%clk 1:17:31]} Qc7
{[%clk 1:08:50]} 17. Kh1 {[%clk 1:10:36]} Bd6 {[%clk 1:06:07]} 18. c4 {[%clk
1:06:27]} Ne7 {[%clk 0:59:01]} 19. Bc5 {[%clk 1:03:29]} Bxc5 {[%clk 0:57:29]} 20.
Nxc5 {[%clk 1:03:56]} Rfd8 {[%clk 0:55:53]} 21. Qc2 {[%clk 1:03:15]} Nf5 {[%clk
0:54:20]} 22. Qc3 {[%clk 0:59:20]} Qe7 {[%clk 0:52:37]} 23. Qe5 {[%clk 0:52:11]}
Rd2 {[%clk 0:48:38]} 24. Rfe1 {[%clk 0:46:26]} Re8 {[%clk 0:39:11]} 25. Nb3
{[%clk 0:40:12]} Rd7 {[%clk 0:29:32]} 26. Nxa5 {[%clk 0:38:27]} Rd4 {[%clk
0:24:19]} 27. Nxc6 {[%clk 0:33:06]} bxc6 {[%clk 0:24:39]} 28. Qa5 {[%clk
0:32:36]} Qg5 {[%clk 0:22:19]} 29. Qc3 {[%clk 0:28:31]} Rh4 {[%clk 0:18:18]} 30.
Kg1 {[%clk 0:27:07]} Qh6 {[%clk 0:15:10]} 31. Qc1 {[%clk 0:21:24]} Qf6 {[%clk
0:13:13]} 32. Qc3 {[%clk 0:18:52]} Qh6 {[%clk 0:12:02]} 33. Qc1 {[%clk 0:19:01]}
Qf6 {[%clk 0:11:36]} 34. Qc3 {[%clk 0:19:16]} Qg5 {[%clk 0:09:17]} 35. Qc1 {[%clk
0:18:34]} Qf6 {[%clk 0:05:41]} 36. Qc3 {[%clk 0:18:54]} 1/2-1/2

[Event "Girls U14 Polish Youth Championship"]
[Site "chess24.com"]
[Date "2018.05.01"]
[Round "4"]
[White "Mucha, Marta"]
[Black "Bugaj, Hanna"]
[Result "1-0"]
[Board "15"]
[WhiteElo "1432"]
[WhiteCountry "POL"]
[WhiteFideId "1195123"]
[WhiteEloChange "10"]
[BlackElo "1427"]
[BlackCountry "POL"]
[BlackFideId "21829870"]
[BlackEloChange "-10"]

1. d4 {[%clk 1:30:30]} Nf6 {[%clk 1:30:30]} 2. Nf3 {[%clk 1:30:30]} g6 {[%clk
1:30:30]} 3. e3 {[%clk 1:30:30]} Bg7 {[%clk 1:30:30]} 4. Be2 {[%clk 1:30:30]} c5
{[%clk 1:30:30]} 5. O-O {[%clk 1:30:30]} b6 {[%clk 1:30:30]} 6. b3 {[%clk
1:30:30]} Bb7 {[%clk 1:30:30]} 7. Bb2 {[%clk 1:30:30]} O-O {[%clk 1:30:30]} 8. c4
{[%clk 1:30:30]} e6 {[%clk 1:30:30]} 9. Nbd2 {[%clk 1:30:30]} cxd4 {[%clk
1:30:30]} 10. Nxd4 {[%clk 1:30:30]} Nc6 {[%clk 1:30:30]} 11. Nb5 {[%clk 1:30:30]}
d5 {[%clk 1:30:30]} 12. Ba3 {[%clk 1:30:30]} Ne7 {[%clk 1:30:30]} 13. Rc1 {[%clk
1:30:30]} Ne8 {[%clk 1:30:30]} 14. cxd5 {[%clk 1:30:30]} exd5 {[%clk 1:30:30]}
15. Nf3 {[%clk 1:30:30]} a6 {[%clk 1:30:30]} 16. Nbd4 {[%clk 1:30:30]} Nd6 {[%clk
1:30:30]} 17. Rc2 {[%clk 1:30:30]} Qd7 {[%clk 1:30:30]} 18. Qc1 {[%clk 1:30:30]}
Rfc8 {[%clk 1:30:30]} 19. Rxc8+ {[%clk 1:30:30]} Rxc8 {[%clk 1:30:30]} 20. Qb1
{[%clk 1:30:30]} Ne4 {[%clk 1:30:30]} 21. Rc1 {[%clk 1:30:30]} Nc3 {[%clk
1:30:30]} 22. Qb2 {[%clk 1:30:30]} Nxe2+ {[%clk 1:30:30]} 23. Qxe2 {[%clk
1:30:30]} Rxc1+ {[%clk 1:30:30]} 24. Bxc1 {[%clk 1:30:30]} Nf5 {[%clk 1:30:30]}
25. Bb2 {[%clk 1:30:30]} Qc8 {[%clk 1:30:30]} 26. Nxf5 {[%clk 1:30:30]} Qxf5
{[%clk 1:30:30]} 27. Bxg7 {[%clk 1:30:30]} Kxg7 {[%clk 1:30:30]} 28. Qb2+ {[%clk
1:30:30]} Kg8 {[%clk 1:30:30]} 29. Nd4 {[%clk 1:30:30]} Qd7 {[%clk 1:30:30]} 30.
Qc3 {[%clk 1:30:30]} a5 {[%clk 1:30:30]} 31. a3 {[%clk 1:30:30]} Ba6 {[%clk
1:30:30]} 32. h3 {[%clk 1:30:30]} a4 {[%clk 1:30:30]} 33. b4 {[%clk 1:30:30]} Bc4
{[%clk 1:30:30]} 34. Nf3 {[%clk 1:30:30]} Qf5 {[%clk 1:30:30]} 35. Kh2 {[%clk
1:30:30]} b5 {[%clk 1:30:30]} 36. Qe5 {[%clk 1:30:30]} Qxe5+ {[%clk 1:30:30]} 37.
Nxe5 {[%clk 1:30:30]} f6 {[%clk 1:30:30]} 38. Nc6 {[%clk 1:30:30]} Kf7 {[%clk
1:30:30]} 39. Nd4 {[%clk 1:30:30]} Ke7 {[%clk 1:30:30]} 40. f4 {[%clk 1:30:30]}
Kd6 {[%clk 1:30:30]} 41. Kg3 {[%clk 1:30:30]} Bf1 {[%clk 1:30:30]} 42. Kf2 {[%clk
1:30:30]} Bc4 {[%clk 1:30:30]} 43. g4 {[%clk 1:30:30]} h6 {[%clk 1:30:30]} 44.
Kg3 {[%clk 1:30:30]} Bd3 {[%clk 1:30:30]} 45. h4 {[%clk 1:30:30]} Bc4 {[%clk
1:30:30]} 46. h5 {[%clk 1:30:30]} g5 {[%clk 1:30:30]} 47. Nf5+ {[%clk 1:30:30]}
Ke6 {[%clk 1:30:30]} 48. Nxh6 {[%clk 1:30:30]} Bd3 {[%clk 1:30:30]} 49. Kf3
{[%clk 1:30:30]} Be4+ {[%clk 1:30:30]} 50. Kg3 {[%clk 1:30:30]} Bd3 {[%clk
1:30:30]} 51. Kf3 {[%clk 1:30:30]} Be4+ {[%clk 1:30:30]} 52. Ke2 {[%clk 1:30:30]}
Bc2 {[%clk 1:30:30]} 53. Kd2 {[%clk 1:30:30]} Bb1 {[%clk 1:30:30]} 54. Kc3 {[%clk
1:30:30]} Be4 {[%clk 1:30:30]} 55. Kd4 {[%clk 1:30:30]} Bc2 {[%clk 1:30:30]} 56.
f5+ {[%clk 1:30:30]} Ke7 {[%clk 1:30:30]} 57. Kxd5 {[%clk 1:30:30]} Kf8 {[%clk
1:30:30]} 58. Ke6 {[%clk 1:30:30]} Kg7 {[%clk 1:30:30]} 59. Ng8 {[%clk 1:30:30]}
Bb3+ {[%clk 1:30:30]} 60. Ke7 {[%clk 1:30:30]} Bxg8 {[%clk 1:30:30]} 61. h6+
{[%clk 1:30:30]} Kxh6 {[%clk 1:30:30]} 62. Kxf6 {[%clk 1:30:30]} Bc4 {[%clk
1:30:30]} 63. Ke7 {[%clk 1:30:30]} Kg7 {[%clk 1:30:30]} 64. f6+ {[%clk 1:30:30]}
Kg8 {[%clk 1:30:30]} 65. e4 {[%clk 1:30:30]} Bf7 {[%clk 1:30:30]} 66. e5 {[%clk
1:30:30]} Bd5 {[%clk 1:30:30]} 67. e6 {[%clk 1:30:30]} Be4 {[%clk 1:30:30]} 68.
f7+ {[%clk 1:30:30]} Kh7 {[%clk 1:30:30]} 69. f8Q {[%clk 1:30:30]} 1-0

[Event "Girls U14 Polish Youth Championship"]
[Site "chess24.com"]
[Date "2018.05.01"]
[Round "4"]
[White "Kudlak, Julia"]
[Black "Jedrzejko, Martyna"]
[Result "1-0"]
[Board "16"]
[WhiteElo "1209"]
[WhiteCountry "POL"]
[WhiteFideId "21859990"]
[WhiteEloChange "17"]
[BlackElo "1482"]
[BlackCountry "POL"]
[BlackFideId "21820422"]
[BlackEloChange "-17"]

1. e4 {[%clk 1:30:57]} c5 {[%clk 1:30:50]} 2. Nf3 {[%clk 1:30:23]} Nc6 {[%clk
1:31:14]} 3. d4 {[%clk 1:29:54]} cxd4 {[%clk 1:31:32]} 4. Nxd4 {[%clk 1:29:51]}
Nf6 {[%clk 1:31:49]} 5. Nc3 {[%clk 1:29:04]} e5 {[%clk 1:32:06]} 6. Nb3 {[%clk
1:25:52]} Bb4 {[%clk 1:31:19]} 7. Bc4 {[%clk 1:12:28]} O-O {[%clk 1:22:18]} 8.
Bg5 {[%clk 1:09:18]} h6 {[%clk 1:13:02]} 9. h4 {[%clk 1:00:25]} Na5 {[%clk
0:47:40]} 10. Nxa5 {[%clk 0:56:16]} Qxa5 {[%clk 0:44:23]} 11. Qf3 {[%clk
0:51:03]} Bxc3+ {[%clk 0:30:47]} 12. bxc3 {[%clk 0:50:32]} Nh7 {[%clk 0:27:18]}
13. Be7 {[%clk 0:46:41]} Qc7 {[%clk 0:20:14]} 14. Bb3 {[%clk 0:43:55]} d6 {[%clk
0:19:11]} 15. Bxf8 {[%clk 0:44:06]} Nxf8 {[%clk 0:17:37]} 16. g4 {[%clk 0:42:35]}
Ne6 {[%clk 0:16:14]} 17. Bxe6 {[%clk 0:41:57]} Bxe6 {[%clk 0:16:29]} 18. g5
{[%clk 0:41:49]} h5 {[%clk 0:15:56]} 19. Kf1 {[%clk 0:37:42]} Bg4 {[%clk
0:12:44]} 20. Qe3 {[%clk 0:37:28]} Rc8 {[%clk 0:10:24]} 21. f3 {[%clk 0:29:19]}
Be6 {[%clk 0:10:15]} 22. Ke2 {[%clk 0:26:58]} Qxc3 {[%clk 0:05:00]} 23. Qxc3
{[%clk 0:27:05]} Rxc3 {[%clk 0:05:24]} 24. Rhc1 {[%clk 0:27:06]} b6 {[%clk
0:03:19]} 25. a4 {[%clk 0:26:04]} Bc4+ {[%clk 0:02:25]} 26. Kf2 {[%clk 0:26:17]}
d5 {[%clk 0:02:00]} 27. Rab1 {[%clk 0:25:09]} d4 {[%clk 0:01:06]} 28. Kg3 {[%clk
0:22:32]} Kf8 {[%clk 0:00:51]} 29. Kf2 {[%clk 0:21:58]} Ke7 {[%clk 0:01:02]} 30.
Kg3 {[%clk 0:22:05]} Ke6 {[%clk 0:01:18]} 31. Kf2 {[%clk 0:21:34]} f6 {[%clk
0:00:55]} 32. g6 {[%clk 0:21:33]} f5 {[%clk 0:01:06]} 33. Kg2 {[%clk 0:21:24]}
Kf6 {[%clk 0:00:55]} 34. Kf2 {[%clk 0:21:26]} fxe4 {[%clk 0:00:37]} 35. fxe4
{[%clk 0:21:38]} Kxg6 {[%clk 0:00:45]} 36. Rg1+ {[%clk 0:21:58]} Kf6 {[%clk
0:01:01]} 37. Rb2 {[%clk 0:20:20]} Rh3 {[%clk 0:01:01]} 38. a5 {[%clk 0:18:42]}
b5 {[%clk 0:01:12]} 39. Rg5 {[%clk 0:18:29]} Rxh4 {[%clk 0:01:02]} 40. Rf5+
{[%clk 0:18:41]} Ke6 {[%clk 0:01:05]} 41. Kg3 {[%clk 0:18:29]} Rxe4 {[%clk
0:01:19]} 42. Rxh5 {[%clk 0:18:53]} Re3+ {[%clk 0:01:32]} 43. Kf2 {[%clk
0:19:13]} Ra3 {[%clk 0:01:40]} 44. Rh7 {[%clk 0:19:02]} Kf6 {[%clk 0:01:52]} 45.
Rb1 {[%clk 0:18:16]} Rxa5 {[%clk 0:01:57]} 46. Rg1 {[%clk 0:18:28]} g6 {[%clk
0:01:13]} 47. Rc7 {[%clk 0:18:03]} Ra6 {[%clk 0:01:11]} 48. Kf3 {[%clk 0:17:22]}
Kf5 {[%clk 0:00:59]} 49. Rc5 {[%clk 0:17:22]} Kf6 {[%clk 0:00:56]} 50. Re1 {[%clk
0:17:31]} Re6 {[%clk 0:00:58]} 51. Ke4 {[%clk 0:17:30]} a5 {[%clk 0:01:03]} 52.
Rg1 {[%clk 0:17:28]} a4 {[%clk 0:00:56]} 53. Rg3 {[%clk 0:17:54]} g5 {[%clk
0:00:41]} 54. Rf3+ {[%clk 0:18:20]} Kg6 {[%clk 0:00:56]} 55. Rxe5 {[%clk
0:18:36]} Bd5+ {[%clk 0:00:44]} 56. Kxd5 {[%clk 0:18:56]} Rxe5+ {[%clk 0:00:41]}
57. Kxe5 {[%clk 0:19:20]} b4 {[%clk 0:00:47]} 58. Kxd4 {[%clk 0:19:21]} a3 {[%clk
0:00:54]} 59. Kc4 {[%clk 0:19:37]} a2 {[%clk 0:01:18]} 60. Rf1 {[%clk 0:20:03]}
g4 {[%clk 0:01:32]} 61. Kb3 {[%clk 0:20:11]} g3 {[%clk 0:01:16]} 62. Kxa2 {[%clk
0:20:29]} 1-0

[Event "Girls U14 Polish Youth Championship"]
[Site "chess24.com"]
[Date "2018.05.01"]
[Round "4"]
[White "Lukasik, Zuzanna"]
[Black "Anyz, Monika"]
[Result "1-0"]
[Board "17"]
[WhiteElo "1568"]
[WhiteCountry "POL"]
[WhiteFideId "21813906"]
[WhiteEloChange "4"]
[BlackElo "1349"]
[BlackCountry "POL"]
[BlackFideId "21816530"]
[BlackEloChange "-4"]

1. e4 {[%clk 1:30:58]} c5 {[%clk 1:30:55]} 2. Nf3 {[%clk 1:31:20]} Nc6 {[%clk
1:31:11]} 3. d4 {[%clk 1:31:36]} cxd4 {[%clk 1:31:30]} 4. Nxd4 {[%clk 1:31:59]}
Nf6 {[%clk 1:31:46]} 5. Nc3 {[%clk 1:31:36]} g6 {[%clk 1:32:00]} 6. Be3 {[%clk
1:30:23]} d6 {[%clk 1:32:01]} 7. h3 {[%clk 1:29:31]} Bg7 {[%clk 1:31:41]} 8. Be2
{[%clk 1:29:26]} O-O {[%clk 1:31:16]} 9. O-O {[%clk 1:29:18]} Bd7 {[%clk
1:28:09]} 10. Kh1 {[%clk 1:29:05]} h5 {[%clk 1:21:15]} 11. f4 {[%clk 1:27:32]}
Qc8 {[%clk 1:18:50]} 12. Kh2 {[%clk 1:23:26]} e5 {[%clk 1:07:52]} 13. Ndb5 {[%clk
1:22:36]} Ne8 {[%clk 0:59:42]} 14. Rb1 {[%clk 1:05:14]} a6 {[%clk 0:56:32]} 15.
Na3 {[%clk 1:03:43]} exf4 {[%clk 0:45:43]} 16. Bxf4 {[%clk 1:03:55]} Ne5 {[%clk
0:45:55]} 17. Nd5 {[%clk 1:02:27]} Qd8 {[%clk 0:45:37]} 18. Qe1 {[%clk 0:59:15]}
Nc7 {[%clk 0:44:18]} 19. Nb6 {[%clk 0:56:37]} Rb8 {[%clk 0:43:20]} 20. Nac4
{[%clk 0:55:08]} Ne6 {[%clk 0:39:58]} 21. Bxe5 {[%clk 0:53:07]} Bxe5+ {[%clk
0:36:32]} 22. Nxe5 {[%clk 0:53:20]} dxe5 {[%clk 0:36:52]} 23. Nd5 {[%clk
0:53:04]} Nf4 {[%clk 0:35:32]} 24. Rd1 {[%clk 0:48:50]} Nxd5 {[%clk 0:35:07]} 25.
Rxd5 {[%clk 0:48:57]} Qc7 {[%clk 0:34:57]} 26. Qg3 {[%clk 0:42:28]} Qxc2 {[%clk
0:34:07]} 27. Rxd7 {[%clk 0:42:34]} Qxe2 {[%clk 0:34:15]} 28. Rfxf7 {[%clk
0:42:07]} Rxf7 {[%clk 0:27:43]} 29. Qxg6+ {[%clk 0:42:21]} Kh8 {[%clk 0:28:06]}
30. Rxf7 {[%clk 0:42:24]} Rg8 {[%clk 0:27:36]} 31. Qh7# {[%clk 0:42:39]} 1-0

[Event "Girls U14 Polish Youth Championship"]
[Site "chess24.com"]
[Date "2018.05.01"]
[Round "4"]
[White "Pisarek, Elzbieta"]
[Black "Kulpa, Karolina"]
[Result "1/2-1/2"]
[Board "18"]
[WhiteElo "1434"]
[WhiteCountry "POL"]
[WhiteFideId "21826234"]
[WhiteEloChange "-4"]
[BlackElo "1288"]
[BlackCountry "POL"]
[BlackFideId "21836620"]
[BlackEloChange "4"]

1. e4 {[%clk 1:30:58]} Nf6 {[%clk 1:30:52]} 2. e5 {[%clk 1:30:50]} Nd5 {[%clk
1:31:07]} 3. d4 {[%clk 1:30:52]} d6 {[%clk 1:31:11]} 4. c4 {[%clk 1:30:40]} Nb6
{[%clk 1:31:15]} 5. exd6 {[%clk 1:30:38]} cxd6 {[%clk 1:31:20]} 6. d5 {[%clk
1:22:38]} N8d7 {[%clk 1:24:17]} 7. Nf3 {[%clk 1:19:37]} g6 {[%clk 1:21:31]} 8.
Bd2 {[%clk 1:15:26]} Bg7 {[%clk 1:16:31]} 9. Bc3 {[%clk 1:14:57]} Nf6 {[%clk
1:14:01]} 10. Bd3 {[%clk 1:13:52]} O-O {[%clk 1:12:12]} 11. O-O {[%clk 1:13:38]}
Qc7 {[%clk 1:08:27]} 12. b3 {[%clk 1:13:10]} e6 {[%clk 1:03:40]} 13. dxe6 {[%clk
1:12:28]} Bxe6 {[%clk 1:03:26]} 14. Ng5 {[%clk 1:09:49]} Bg4 {[%clk 0:59:40]} 15.
Qc2 {[%clk 1:08:05]} d5 {[%clk 0:56:24]} 16. Nd2 {[%clk 1:03:13]} dxc4 {[%clk
0:48:44]} 17. bxc4 {[%clk 0:56:32]} h6 {[%clk 0:42:37]} 18. Nge4 {[%clk 0:53:49]}
Nxe4 {[%clk 0:40:08]} 19. Nxe4 {[%clk 0:53:11]} Nd7 {[%clk 0:34:33]} 20. Bxg7
{[%clk 0:52:26]} Kxg7 {[%clk 0:34:43]} 21. Qb2+ {[%clk 0:47:30]} Kg8 {[%clk
0:31:56]} 22. h3 {[%clk 0:39:54]} Be6 {[%clk 0:26:38]} 23. Nf6+ {[%clk 0:29:14]}
Nxf6 {[%clk 0:25:24]} 24. Qxf6 {[%clk 0:29:38]} Qd8 {[%clk 0:24:44]} 25. Qf3
{[%clk 0:28:05]} Kg7 {[%clk 0:20:19]} 26. Rfd1 {[%clk 0:26:26]} Qc7 {[%clk
0:18:14]} 27. Rdc1 {[%clk 0:21:06]} b6 {[%clk 0:15:58]} 28. h4 {[%clk 0:17:28]}
h5 {[%clk 0:13:00]} 29. Qe3 {[%clk 0:16:19]} Qd8 {[%clk 0:11:30]} 30. Qg3 {[%clk
0:14:21]} Qf6 {[%clk 0:09:44]} 31. Be2 {[%clk 0:13:09]} Kh7 {[%clk 0:08:41]} 32.
a3 {[%clk 0:12:25]} Rac8 {[%clk 0:06:56]} 33. Rab1 {[%clk 0:09:26]} Qd4 {[%clk
0:05:15]} 34. Rd1 {[%clk 0:07:32]} Qf6 {[%clk 0:04:53]} 35. Rdc1 {[%clk 0:07:21]}
Qd4 {[%clk 0:04:49]} 36. Rd1 {[%clk 0:07:50]} Qf6 {[%clk 0:04:53]} 37. Rbc1
{[%clk 0:07:06]} Qb2 {[%clk 0:04:11]} 38. Bd3 {[%clk 0:06:15]} Qf6 {[%clk
0:03:56]} 39. Bf1 {[%clk 0:05:29]} Qf5 {[%clk 0:03:22]} 40. Rc3 {[%clk 0:04:04]}
Qg4 {[%clk 0:03:28]} 41. Qxg4 {[%clk 0:03:57]} Bxg4 {[%clk 0:03:49]} 42. Rdc1
{[%clk 0:04:17]} Rc5 {[%clk 0:03:42]} 43. Rd3 {[%clk 0:03:35]} Be6 {[%clk
0:03:47]} 44. Rd4 {[%clk 0:03:13]} Rfc8 {[%clk 0:03:50]} 45. a4 {[%clk 0:03:10]}
Ra5 {[%clk 0:03:37]} 46. Ra1 {[%clk 0:02:58]} Rac5 {[%clk 0:03:28]} 47. Rc1
{[%clk 0:03:13]} a6 {[%clk 0:02:45]} 48. Rd6 {[%clk 0:02:36]} R5c6 {[%clk
0:02:18]} 49. Rxc6 {[%clk 0:02:46]} Rxc6 {[%clk 0:02:43]} 50. Bd3 {[%clk
0:02:28]} Rc5 {[%clk 0:01:59]} 51. Rc2 {[%clk 0:02:21]} Ra5 {[%clk 0:01:16]} 52.
g3 {[%clk 0:02:04]} Rxa4 {[%clk 0:00:53]} 53. c5 {[%clk 0:02:22]} bxc5 {[%clk
0:01:07]} 54. Rxc5 {[%clk 0:02:50]} Ra3 {[%clk 0:00:55]} 55. Be4 {[%clk 0:02:30]}
Ra1+ {[%clk 0:01:01]} 56. Kg2 {[%clk 0:02:46]} a5 {[%clk 0:01:12]} 57. Bd5 {[%clk
0:01:50]} Bxd5+ {[%clk 0:00:57]} 58. Rxd5 {[%clk 0:02:19]} a4 {[%clk 0:00:59]}
59. Ra5 {[%clk 0:02:40]} a3 {[%clk 0:00:53]} 60. Kf3 {[%clk 0:02:54]} a2 {[%clk
0:01:02]} 61. Ke2 {[%clk 0:03:14]} 1/2-1/2